Learning English is Fun: (Record no. 191676)

MARC details
000 -LEADER
fixed length control field 00610nam a22001817a 4500
005 - DATE AND TIME OF LATEST TRANSACTION
control field 20220831125230.0
010 ## - LCCN (DPL NO)
LC control number ENG-134823
020 ## - INTERNATIONAL STANDARD BOOK NUMBER
Terms of availability 150.00
International Standard Book Number 9789388927581
035 ## - SYSTEM CONTROL NUMBER
System control number EN-118355
037 ## - SOURCE OF ACQUISITION
Source of stock number/acquisition DBAD/PUB
082 ## - DEWEY DECIMAL CLASSIFICATION NUMBER
Classification number 480
100 ## - MAIN ENTRY--PERSONAL NAME
Personal name Jotangiya, Paresh N.
245 ## - TITLE STATEMENT
Title Learning English is Fun:
Remainder of title Preliminary level with exercise/
Statement of responsibility, etc Paresh N Jotangiya
260 ## - PUBLICATION, DISTRIBUTION, ETC. (IMPRINT)
Place of publication, distribution, etc Surat
Name of publisher, distributor, etc Vedant publications
Date of publication, distribution, etc 2019
270 ## - ADDRESS
Address Vedant Publications Rajkot, Ahmedabad
City Surat
Postal code 9726999915, 9723476251
Electronic mail address www.MyVedant.com
300 ## - PHYSICAL DESCRIPTION
Extent 95 p.
Other physical details Illustrations
Dimensions 30m (pbk)
942 ## - ADDED ENTRY ELEMENTS (KOHA)
Source of classification or shelving scheme Dewey Decimal Classification
Item type English Books
Classification part 480
Call number suffix JOT
Holdings
Withdrawn status Lost status Not for loan Collection code Home library Current library Date acquired Source of acquisition Cost, normal purchase price Full call number Barcode Copy number Cost, replacement price Koha item type
      Non-fiction Katevara Katevara 31/08/2022 DBAD/PUB 150.00 480 JOT EN-118355 1 150.00 English Books

© Delhi Public Library
Hit Counter
free hit counter